000
00288nam a22001337a 4500
020
_a
0-7214-1656-6
082
_a
823
_b
STE/T
100
_a
STEVENSON LOUIS
245
_a
TREASURE ISLAND
260
_a
ITALY
_b
LADY BIRD
300
_a
51
650
_a
ENGLISH SHORT STORY
_z
ITALY
942
_c
BK
999
_c
2082
_d
2082